00941nam a2200289 i 450000100060000000300090000600500170001500800390003201500170007103500210008804000280010904100080013704600090014508000120015408000120016610000320017824500730021026000960028330000360037938000170041538800140043250400350044665800280048165500300050965000140053985600980055320022KOSZ 00520201015091606.0990506s1979 pl a f f |000 0 pol aPB 1983/5471 a(OCoLC)830222601 aWA NcWA NdKOSZ 005/HR0 apol k1979 a621.762 a(075.8)1 aCyunczyk, AleksandereAutor10aTechniki wytwarzania - technologia spieków /cAleksander Cyunczyk. aRzeszów :bWydaw. Uczelniane Politechniki Rzeszowskiej im. Ignacego Łukasiewicza,c1979. a103 s. :brys., wykr. ;c21 cm. aKsiążki. a1901-2000 aBibliogr. s. 103 i przy rozdz. aInżynieria i technika 4aPodręczniki akademickie 4aSpiekanie uhttp://koha.tu.koszalin.pl/cgi-bin/koha/opac-detail.pl?biblionumber=20022yKatalog online BPK